LIBRARY & INFORMATION CENTRE, KCAET, TAVANUR

ONLINE PUBLIC ACCESS CATALOGUE (OPAC)

Recent trends in water research: Hydrochemical and hydrological perspectives (Record no. 13677)

MARC details
000 -LEADER
fixed length control field 00447nam a22001577a 4500
020 ## - INTERNATIONAL STANDARD BOOK NUMBER
ISBN 9789380026916
082 ## - DEWEY DECIMAL CLASSIFICATION NUMBER
Classification number 631.4
Item number CHI/Re
100 ## - MAIN ENTRY--AUTHOR NAME
Personal name Chidambaram, S
245 ## - TITLE STATEMENT
Title Recent trends in water research: Hydrochemical and hydrological perspectives
260 ## - PUBLICATION, DISTRIBUTION, ETC. (IMPRINT)
Place of publication New Delhi
Name of publisher I.K International Publishing House Pvt. Ltd.
Year of publication 2010
300 ## - PHYSICAL DESCRIPTION
Number of Pages 236
700 ## - ADDED ENTRY--PERSONAL NAME
Personal name Ramanathan, AL
700 ## - ADDED ENTRY--PERSONAL NAME
Personal name Shivanna, K
700 ## - ADDED ENTRY--PERSONAL NAME
Personal name James, Arthur R
942 ## - ADDED ENTRY ELEMENTS (KOHA)
Koha item type Books
Holdings
Withdrawn status Lost status Damaged status Collection code Home library Current library Shelving location Date acquired Source of acquisition Cost, normal purchase price Full call number Accession Number Koha item type
      Non-fiction KAUAET KAUAET General Stacks 31/03/2012 Cosmo Books, Calicut 995.00 631.4 CHI/RE 22396 Books
free website counter